Signals and systems : (Record no. 19550)
[ view plain ]
| 000 -LEADER | |
|---|---|
| fixed length control field | 01574cam a22003015a 4500 |
| 001 - CONTROL NUMBER | |
| control field | 17882306 |
| 005 - DATE AND TIME OF LATEST TRANSACTION | |
| control field | 20150809095534.0 |
| 008 - FIXED-LENGTH DATA ELEMENTS--GENERAL INFORMATION | |
| fixed length control field | 130911t2014 flua frb 001 0 eng d |
| 020 ## - INTERNATIONAL STANDARD BOOK NUMBER | |
| International Standard Book Number | 9781466598539 (hardback) |
| 020 ## - INTERNATIONAL STANDARD BOOK NUMBER | |
| International Standard Book Number | 1466598530 (hardback) |
| 040 ## - CATALOGING SOURCE | |
| Original cataloging agency | DLC |
| Language of cataloging | eng |
| Transcribing agency | DLC |
| Modifying agency | DLC |
| -- | EG-ScBUE |
| 082 04 - DEWEY DECIMAL CLASSIFICATION NUMBER | |
| Classification number | 621.3822028553 |
| Item number | ALK |
| Edition number | 22 |
| 100 1# - MAIN ENTRY--PERSONAL NAME | |
| Personal name | Alkin, Oktay. |
| 9 (RLIN) | 38265 |
| 245 10 - TITLE STATEMENT | |
| Title | Signals and systems : |
| Remainder of title | a MATLAB® integrated approach / |
| Statement of responsibility, etc | Oktay Alkin. |
| 246 3# - VARYING FORM OF TITLE | |
| Title proper/short title | Signals and systems : |
| Remainder of title | a MATLAB integrated approach |
| 260 ## - PUBLICATION, DISTRIBUTION, ETC. (IMPRINT) | |
| Place of publication, distribution, etc | Boca Raton : |
| Name of publisher, distributor, etc | CRC Press / Taylor & Francis Group, |
| Date of publication, distribution, etc | c.2014. |
| 300 ## - PHYSICAL DESCRIPTION | |
| Extent | xxiii, 1098 p. : |
| Other physical details | ill. (some col.) ; |
| Dimensions | 27 cm. |
| 500 ## - GENERAL NOTE | |
| General note | Index : p. 1091-1098. |
| 504 ## - BIBLIOGRAPHY, ETC. NOTE | |
| Bibliography, etc | Includes bibliographical references. |
| 520 ## - SUMMARY, ETC. | |
| Summary, etc | "This book draws on the author's more than 25 years of teaching a course on signals and systems. It provides an interactive, visual reinforcement of fundamental concepts like the utility of MATLAB®, not just as a computational tool, but also as a teaching tool that allows the development of a sophisticated demo program for students to explore while studying the theory of linear systems. It includes a large number of computer modules or applications, each linked to a specific example, section, or figure in the book. "-- |
| 630 00 - SUBJECT ADDED ENTRY--UNIFORM TITLE | |
| Uniform title | MATLAB. |
| 650 #0 - SUBJECT ADDED ENTRY--TOPICAL TERM | |
| Topical term or geographic name as entry element | Signal processing |
| General subdivision | Data processing. |
| Source of heading or term | BUEsh |
| 650 #0 - SUBJECT ADDED ENTRY--TOPICAL TERM | |
| Topical term or geographic name as entry element | System analysis |
| General subdivision | Data processing. |
| Source of heading or term | BUEsh |
| 9 (RLIN) | 18002 |
| 651 ## - SUBJECT ADDED ENTRY--GEOGRAPHIC NAME | |
| Source of heading or term | BUEsh |
| 653 ## - INDEX TERM--UNCONTROLLED | |
| Resource For college | Engineering, Electrical |
| Arrived date list | June2015 |
| -- | August2015 |
| 655 ## - INDEX TERM--GENRE/FORM | |
| Form subdivision | |
| -- | 34232 |
| 942 ## - ADDED ENTRY ELEMENTS (KOHA) | |
| Source of classification or shelving scheme | Dewey Decimal Classification |
| Call number prefix | 621.3822028553 ALK |
| Withdrawn status | Lost status | Source of classification or shelving scheme | Damaged status | Not for loan | Koha collection | Home library | Current library | Shelving location | Date acquired | Source of acquisition | Cost, normal purchase price | Total Checkouts | Full call number | Barcode | Date last seen | Cost, replacement price | Koha item type |
|---|---|---|---|---|---|---|---|---|---|---|---|---|---|---|---|---|---|
| Dewey Decimal Classification | Baccah | Central Library | Central Library | First floor | 10/06/2015 | 390.00 | 621.3822028553 ALK | 000038506 | 15/07/2025 | 488.00 | Book - Borrowing |